|
|
|
|
| LEADER |
01617cas a2200445 a 4500 |
| 001 |
c000397575 |
| 003 |
CARM |
| 005 |
20140715145916.0 |
| 008 |
140715c20029999enkar 0 a0eng d |
| 010 |
|
|
|a 2004240910
|
| 019 |
1 |
|
|a 69842724
|5 LACONCORD2021
|
| 035 |
|
|
|a (OCoLC)49591586
|5 LACONCORD2021
|
| 040 |
|
|
|a FTS
|b eng
|c FTS
|d OCoLC
|d TxU
|
| 042 |
|
|
|a lcd
|
| 043 |
|
|
|a cl-----
|
| 050 |
1 |
4 |
|a HG185.L3
|b G843
|
| 082 |
0 |
4 |
|a 332
|2 23
|
| 245 |
0 |
8 |
|a The ... guide to Latin American treasury services.
|
| 246 |
3 |
0 |
|a Latin American treasury services
|
| 260 |
|
|
|a London :
|b Euromoney Institutional Investor PLC,
|c c2001-.
|
| 300 |
|
|
|a v. ;
|c 29 cm.
|
| 310 |
|
|
|a Annual
|
| 362 |
0 |
|
|a 2002-
|
| 490 |
1 |
|
|a Euromoney research guides
|
| 500 |
|
|
|a Title from cover.
|
| 550 |
|
|
|a Published in conjunction with: Santander Central Hispano.
|
| 650 |
|
0 |
|a Finance
|z Latin America
|v Periodicals.
|
| 650 |
|
0 |
|a Securities
|z Latin America
|v Periodicals.
|
| 651 |
|
0 |
|a Latin America
|x Economic conditions
|y 1982-
|v Periodicals.
|
| 710 |
2 |
|
|a Euromoney Institutional Investor PLC.
|
| 710 |
2 |
|
|a Banco Santander Central Hispano.
|
| 730 |
0 |
|
|a Euromoney.
|
| 772 |
0 |
|
|t Euromoney
|x 0014-2433
|w (DLC) 76010311
|w (OCoLC)1148976
|
| 852 |
8 |
|
|b CARM
|p 0603974
|j 2002
|f SE
|
| 852 |
8 |
|
|b SCAN
|h A3:AH01D0
|i F08913
|p 0603974
|f SE
|
| 866 |
|
0 |
|a 2002
|
| 830 |
|
0 |
|a Euromoney research guides
|
| 999 |
f |
f |
|i f0894805-fd7f-535f-bf66-53f1eb16db77
|s 312a7ed4-b3f8-5c02-9f4a-2464edfc4a5a
|
| 952 |
f |
f |
|p Can circulate
|a CAVAL
|b CAVAL
|c CAVAL
|d CARM 1 Store
|i book
|k 2002
|m 0603974
|
| 952 |
f |
f |
|a CAVAL
|b CAVAL
|c CAVAL
|d Unmapped Location
|e F08913
|f A3:AH01D0
|h Other scheme
|